Top 10 demonów w geometry dash-nagła śmierć - Statystyki

Ogólne statystyki
  • Ten quiz został rozwiązany 61 razy
    14 od ostatniego zresetowania
  • Średni wynik to 4 z 10
Answers on the Grid
Answers color-coded by a green-red scale on the quiz's grid according to % correct below.
Yatagaratsu
Tartarus
Thinking space 2
Bloodbath
Anathema
Amethyst
The Golden
Nullscapes
Limbo
Bloodlust
Boobawamba
Slaughterhouse
Orbit
Sonic wave
Every end
Firework
Avernus
Andromeda
Acheron
Sakupen circles
Quanteuse processing
Tidal wave
Zodiac
Flamewall
Artificial ascent
Subsuming vortex
Phobos
Deimos
Silent clubstep
Sky shredder
 
Statystyki odpowiedzi
Odpowiedź % Poprawnych
Thinking space 2
100%
Amethyst
80%
Every end
40%
Orbit
40%
Quanteuse processing
40%
Tidal wave
40%
Andromeda
20%
Boobawamba
20%
Flamewall
20%
Nullscapes
20%
Nie znaleziono quizów pasujących do podanych kryteriów
Rozkład punktacji
Procent ludzi z każdym wynikiem
Percentyl według liczby udzielonych odpowiedzi
Twoja historia wyników
Nie rozwiązałeś tego quizu od ostatniego zresetowania